000 00690nam a2200205 a 4500
005 20230315063733.0
008 081110s2004 mx r 000 0 spa d
020 _a9685938466
035 _aUPN01000167790
049 _aI
050 4 _aQB631
_bR5.3
100 1 _aRiley, Peter
245 1 0 _a100 cosas que debes saber sobre el planeta Tierra /
_cPeter Riley ; tr. Roberto Escalona.
260 _aMéxico :
_bSigno,
_cc2004.
300 _a48 p. :
_bil. col.
440 0 _a100 cosas que debes saber sobre....
_pClub de lectores
534 _pTítulo original:
_t100 Things you should know about planet earth
650 4 _aTierra (Planeta)
_vLiteratura infantil
_911234
905 _aInfantil
999 _c139901
_d139901